Facility Management Association of Australia (Record no. 120182)

MARC details
000 -LEADER
fixed length control field 00668cam a2200181 4500
001 - CONTROL NUMBER
control field WS119310
008 - FIXED-LENGTH DATA ELEMENTS--GENERAL INFORMATION
fixed length control field 020813n 000 0 eng u
035 ## - SYSTEM CONTROL NUMBER
System control number (Sirsi) u119310
110 ## - MAIN ENTRY--CORPORATE NAME
Corporate name or jurisdiction name as entry element Facility Management Association of Australia
9 (RLIN) 4337
245 ## - TITLE STATEMENT
Title Facility Management Association of Australia
520 ## - SUMMARY, ETC.
Summary, etc. Web site for this Australian organisation for facility managers. Includes their code of ethics and details of publications.
650 ## - SUBJECT ADDED ENTRY--TOPICAL TERM
Topical term or geographic name entry element ORGANISATION
650 ## - SUBJECT ADDED ENTRY--TOPICAL TERM
Topical term or geographic name entry element AUSTRALIA
650 ## - SUBJECT ADDED ENTRY--TOPICAL TERM
Topical term or geographic name entry element CODE OF ETHICS
690 ## - LOCAL SUBJECT ADDED ENTRY--TOPICAL TERM (OCLC, RLIN)
Topical term or geographic name as entry element FACILITIES MANAGEMENT
9 (RLIN) 6240
856 ## - ELECTRONIC LOCATION AND ACCESS
Uniform Resource Identifier <a href="https://www.fma.com.au">https://www.fma.com.au</a>
Public note View the website free of charge at www.fma.com.au...
942 ## - ADDED ENTRY ELEMENTS (KOHA)
Suppress in OPAC 0
Holdings
Withdrawn status Lost status Source of classification or shelving scheme Damaged status Not for loan Home library Current library Shelving location Date acquired Total Checkouts Full call number Barcode Date last seen Copy number Price effective from Koha item type
    Dewey Decimal Classification     Virtual Virtual Online 13/08/2002   WEB SITE 119310-2001 06/08/2019 1 06/08/2019 Online material